Vplyv kultúry na nákupné správanie a distribúciu v krajinách Latinskej Ameriky

Fenomén "tradičných obchodíkov" v krajinách Latinskej Ameriky. Hlavné faktory tradicionalizmu. Stratégia úspechu maloobchodných reťazcov v Latinskej Amerike. Vytváranie hodnoty pre vlastníkov malých obchodov. Udržiavanie dobrých vzťahov s malými obchodmi. Aplikácia etnomarketingu.

Enregistré dans:
Détails bibliographiques
Auteur principal: Honaizer, Marián
Autres auteurs: Svobodová, Valéria
Format: Chapitre de livre
Langue:slovaque
Sujets:
Tags: Ajouter un tag
Pas de tags, Soyez le premier à ajouter un tag!

MARC

LEADER 00000naa$a2200000$$$4500
001 0125090
005 20240502072425.4
041 0 |a slo 
044 |a SK 
245 1 0 |a Vplyv kultúry na nákupné správanie a distribúciu v krajinách Latinskej Ameriky  |c Marián Honaizer, Valéria Svobodová 
520 |a Fenomén "tradičných obchodíkov" v krajinách Latinskej Ameriky. Hlavné faktory tradicionalizmu. Stratégia úspechu maloobchodných reťazcov v Latinskej Amerike. Vytváranie hodnoty pre vlastníkov malých obchodov. Udržiavanie dobrých vzťahov s malými obchodmi. Aplikácia etnomarketingu. 
610 2 0 |a obchod 
610 2 0 |a maloobchod 
610 2 0 |a predaj 
610 2 0 |a kúpa 
610 2 0 |a správanie spotrebiteľa 
610 2 0 |a distribúcia 
610 2 0 |a kultúra 
610 2 0 |a národ 
610 2 0 |a marketing 
610 2 0 |a Latinská Amerika 
100 1 |a Honaizer, Marián 
700 1 |a Svobodová, Valéria